ბათუმის შოთა რუსთაველის სახელმწიფო უნივერსიტეტის ბიბლიოთეკა

იმ დაუვიწყარ დღეებში (ბიბ.ჩანაწერი № 42359)

000 -LEADER
fixed length control field 00943nam a2200241Ia 4500
001 - CONTROL NUMBER
control field 9055
003 - CONTROL NUMBER IDENTIFIER
control field GE_BSU
008 - FIXED-LENGTH DATA ELEMENTS--GENERAL INFORMATION
fixed length control field 181216s||||||||xx |||||||||||||| ||und||
040 ## - CATALOGING SOURCE
Transcribing agency GE_BSU
080 ## - UNIVERSAL DECIMAL CLASSIFICATION NUMBER
Universal Decimal Classification number 821.353.1–4
100 ## - MAIN ENTRY--PERSONAL NAME
Personal name კობიძე,რამაზ
245 ## - TITLE STATEMENT
Title იმ დაუვიწყარ დღეებში
245 ## - TITLE STATEMENT
Remainder of title ომისდროინდელი ჩანაწერები
245 ## - TITLE STATEMENT
Statement of responsibility, etc. რედ.ნ.ლორთქიფანიძე.მხატვ.გ.ენაგული
260 ## - PUBLICATION, DISTRIBUTION, ETC.
Place of publication, distribution, etc. თბილისი
260 ## - PUBLICATION, DISTRIBUTION, ETC.
Name of publisher, distributor, etc. ნაკადული
260 ## - PUBLICATION, DISTRIBUTION, ETC.
Date of publication, distribution, etc. 1975
300 ## - PHYSICAL DESCRIPTION
Extent 125გვ.20სმ.
653 ## - INDEX TERM--UNCONTROLLED
Uncontrolled term იმ დაუვიწყარ დღეებში
653 ## - INDEX TERM--UNCONTROLLED
Uncontrolled term ომისდროინდელი ჩანაწერები
653 ## - INDEX TERM--UNCONTROLLED
Uncontrolled term საბჭოთა კავშირის დიდი სამამულო ომი
942 ## - ADDED ENTRY ELEMENTS (KOHA)
Koha item type წიგნი
ეგზემპლარები
Withdrawn status Lost status Damaged status Not for loan Date acquired Barcode Date last seen Price effective from Koha item type
        2018-12-17 31684 2018-12-17 2018-12-17 წიგნი